[Event "POL-ch U18"]
[Site "Jastrzebia Gora"]
[Date "2023.??.??"]
[Round "5"]
[White "Ciszewski, Krzysztof"]
[Black "Lis, Maksymilian"]
[Result "1-0"]
[WhiteElo "2047"]
[BlackElo "1784"]
[PlyCount "75"]
[EventDate "2023.03.11"]
[EventType "swiss"]
[EventRounds "9"]
[EventCountry "POL"]
[SourceTitle "CBM 213 Extra"]
[Source "ChessBase"]
[SourceDate "2023.05.31"]
[SourceVersion "1"]
[SourceVersionDate "2023.05.31"]
[SourceQuality "1"]

1. d4 d5 2. c4 dxc4 3. e3 Nf6 4. Bxc4 e6 5. Nf3 a6 6. 0-0 c5 7. b3 Be7 8. Bb2 0-0 9. Nbd2 Nbd7 10. a4 b6 11. Be2 Bb7 12. Nc4 Rc8 13. Rc1 Qc7 14. dxc5 Bxc5 15. Nd4 Rfd8 16. Bf3 Qb8 17. Bxb7 Qxb7 18. Qe2 Nd5 19. Rfd1 Be7 20. Qf3 Nc5 21. a5 b5 22. Ne5 Bd6 23. Nec6 Rd7 24. e4 Ne7 25. e5 Nxc6 26. exd6 Nxa5 27. Qxb7 Naxb7 28. b4 Nxd6 29. bxc5 Nc4 30. c6 Rdc7 31. Bc3 e5 32. Nf5 f6 33. Bb4 Kf7 34. Nd6+ Nxd6 35. Rxd6 Ke7 36. Rd7+ Ke8 37. Rxc7 Rxc7 38. Ba5 1-0

[Event "POL-ch sf"]
[Site "Karpacz"]
[Date "2022.12.07"]
[Round "5"]
[White "Ciszewski, Krzysztof"]
[Black "Poltorak, Sebastian"]
[Result "1/2-1/2"]
[WhiteElo "1974"]
[BlackElo "2377"]
[PlyCount "144"]
[EventDate "2022.12.03"]
[EventType "swiss"]
[EventRounds "9"]
[EventCountry "POL"]
[SourceTitle "CBM 211 Extra"]
[Source "ChessBase"]
[SourceDate "2023.01.31"]
[SourceVersion "1"]
[SourceVersionDate "2023.01.31"]
[SourceQuality "1"]

1. d4 Nf6 2. c4 g6 3. Nc3 d5 4. cxd5 Nxd5 5. e4 Nxc3 6. bxc3 Bg7 7. Bc4 c5 8. Ne2 Nc6 9. Be3 0-0 10. 0-0 e6 11. Rc1 b6 12. Qd2 Bb7 13. Rfd1 Rc8 14. f3 Na5 15. Bd3 cxd4 16. cxd4 Qd7 17. h4 Rxc1 18. Rxc1 Rc8 19. h5 Rxc1+ 20. Qxc1 Qa4 21. hxg6 hxg6 22. Nc3 Qb4 23. e5 Nc4 24. Bf2 Qb2 25. Qxb2 Nxb2 26. Be2 Bh6 27. Nb5 a5 28. Nd6 Bd5 29. a3 Bc1 30. Be1 Bb3 31. Nc8 Na4 32. Bb5 Bxa3 33. Bxa4 Bxa4 34. Nxb6 Bb5 35. Bxa5 Bb2 36. f4 g5 37. g3 Bxd4+ 38. Kh2 Be3 39. fxg5 Bd4 40. Nc8 Bxe5 41. Bd2 Kg7 42. Bf4 Bd4 43. Nd6 Bd3 44. g4 Kf8 45. Kg3 Be2 46. Ne4 Bd3 47. Kf3 Bc2 48. Nf6 Kg7 49. Nd7 Bd1+ 50. Ke4 Bf2 51. Be5+ Kg8 52. Kf4 Be1 53. Bf6 Bd2+ 54. Kg3 Ba5 55. Kf4 Ba4 56. Ne5 Bc2 57. Nd7 Bc7+ 58. Be5 Bd8 59. Bf6 Ba5 60. Ne5 Kf8 61. Nd7+ Ke8 62. Ne5 Bc7 63. Ke3 Bd1 64. Ke4 Bb3 65. Ke3 Bb6+ 66. Ke4 Bc2+ 67. Kf4 Bg1 68. Kf3 Bd1+ 69. Ke4 Kf8 70. Kd3 Bb3 71. g6 fxg6 72. g5 Kg8 1/2-1/2

[Event "POL-ch sf"]
[Site "Karpacz"]
[Date "2022.12.06"]
[Round "4"]
[White "Licznerski, Lukasz"]
[Black "Ciszewski, Krzysztof"]
[Result "1-0"]
[WhiteElo "2441"]
[BlackElo "1974"]
[PlyCount "89"]
[EventDate "2022.12.03"]
[EventType "swiss"]
[EventRounds "9"]
[EventCountry "POL"]
[SourceTitle "CBM 211 Extra"]
[Source "ChessBase"]
[SourceDate "2023.01.31"]
[SourceVersion "1"]
[SourceVersionDate "2023.01.31"]
[SourceQuality "1"]

1. Nf3 Nf6 2. g3 g6 3. Bg2 Bg7 4. 0-0 0-0 5. d4 d6 6. c4 c5 7. Nc3 cxd4 8. Nxd4 Qc7 9. Bg5 Nbd7 10. Rc1 Qb6 11. Qd2 h6 12. Be3 Ng4 13. Nd5 Qd8 14. h3 Nxe3 15. Qxe3 e6 16. Nc3 Qb6 17. Rfd1 Qxb2 18. Ndb5 Qb4 19. Nxd6 Nc5 20. Ncb5 a6 21. a3 Qb3 22. Qxc5 axb5 23. cxb5 Bb2 24. Rd3 Qa4 25. Rc2 Bxa3 26. Rxa3 Qxa3 27. Qxa3 Rxa3 28. Nxc8 Rb3 29. b6 Rd8 30. Bxb7 Kg7 31. Bg2 Rd1+ 32. Kh2 h5 33. b7 Rdb1 34. Rc7 Rd1 35. Na7 Rdb1 36. Rd7 R1b2 37. Bf3 Kf6 38. Nc8 h4 39. gxh4 Rb4 40. Nd6 Ke5 41. Nxf7+ Kf4 42. Nd8 R4b3 43. Rf7+ Ke5 44. Nc6+ Kd6 45. b8Q+ 1-0

[Event "POL-ch U16"]
[Site "Sypniewo"]
[Date "2022.03.23"]
[Round "5"]
[White "Ciszewski, Krzysztof"]
[Black "Madej, Marek"]
[Result "1-0"]
[WhiteElo "1939"]
[BlackElo "2017"]
[PlyCount "89"]
[EventDate "2022.03.19"]
[EventType "swiss"]
[EventRounds "9"]
[EventCountry "POL"]
[SourceTitle "CBM 207 Extra"]
[Source "ChessBase"]
[SourceDate "2022.05.31"]
[SourceVersion "1"]
[SourceVersionDate "2022.05.31"]
[SourceQuality "1"]

1. d4 Nf6 2. c4 g6 3. Nc3 Bg7 4. e4 d6 5. h3 0-0 6. Be3 c5 7. d5 e6 8. Bd3 exd5 9. exd5 Na6 10. Nf3 Nb4 11. Be2 Bf5 12. Rc1 Re8 13. a3 Na6 14. Bd3 Ne4 15. Nxe4 Bxe4 16. Bxe4 Rxe4 17. Qc2 Re7 18. 0-0 Qd7 19. Nd2 Rb8 20. Bf4 b5 21. cxb5 Nc7 22. Ne4 Nxb5 23. Nxc5 Qe8 24. Nb3 Re4 25. Be3 f5 26. Nd2 Rxe3 27. fxe3 Qxe3+ 28. Kh1 Nd4 29. Qc3 Qh6 30. Qd3 f4 31. Nf3 Nf5 32. Rfe1 Rf8 33. b4 g5 34. Kg1 Qg6 35. Re6 Qh5 36. Rc8 Rxc8 37. Qxf5 Rc1+ 38. Kh2 g4 39. Qxg4 Qxd5 40. Re8+ Kf7 41. Qd7+ Kf6 42. Qe7+ Kg6 43. Rd8 Rd1 44. Rd7 Qg8 45. Qg5# 1-0